Définition physio STAPS L1 - Statistiques

Statistiques générales
  • Ce quiz a été pris 43 fois
  • Le résultat moyen est 8 sur 15
Statistiques - réponses
Question Réponse % Correct
Site de fixation de la myosine. Actine
74%
Cellules musculaires avec plusieurs noyaux. Cellules plurinucléées
68%
Ce sont les plus petit vaisseaux sanguins qui existent. Ils servent à irriguer les cellules musculaires. Capillaires sanguins
65%
Citerne qui se trouve de part et d'autre du tubules transverses et qui contient beaucoup d'ion calcium. Réticulum sarcoplasmique
65%
Organisation régulière des protéines qui permettent la contraction de la cellules. Stries
62%
C'est un paquet de cellules musculaires Faisceau musculaire
56%
Filaments constitués de myosine Filaments épais
53%
Ce sont des protéines qui ont des formes de fils. Myofilaments
53%
Unité qui se répètent de bout en bout et qui constitue les myofibrilles Sarcomères
50%
Filament principalement constitué d'actine Filaments fins
47%
Ensemble des mécanismes par lesquels le PAM (Potentiel d'Action Musculaire) déclenche la contraction. Couplage exitation-contraction
44%
Tissus conjonctif qui entoure le faisceau musculaire Périmysium
41%
Structure filamenteuse allongé présente à l'intérieur des fibres musculaires. Myofibrille
32%
Tissus conjonctif qui entoure les cellules musculaires. Endomysium
26%
Organisation irrégulières des protéines qui permettent la contraction de la cellule. Lisses
24%
Aucun quiz correspondant
Distribution des résultats
% des personnes avec chaque résultat
Percentile par nombre de réponses
Votre historique - résultats
Vous n’avez pas pris ce quiz